<?xml version="1.0" encoding="UTF-8"?>
<record
    xmlns:xsi="http://www.w3.org/2001/XMLSchema-instance"
    xsi:schemaLocation="http://www.loc.gov/MARC21/slim http://www.loc.gov/standards/marcxml/schema/MARC21slim.xsd"
    xmlns="http://www.loc.gov/MARC21/slim">

  <leader>00699nam a22002057a 4500</leader>
  <controlfield tag="001">85197</controlfield>
  <controlfield tag="003">BD-RjUL</controlfield>
  <controlfield tag="005">20250714153115.0</controlfield>
  <controlfield tag="008">250714s1958    pk ||||| |||| 00| 0 urd d</controlfield>
  <datafield tag="035" ind1=" " ind2=" ">
    <subfield code="a">(BD-RjUL)85197</subfield>
  </datafield>
  <datafield tag="040" ind1=" " ind2=" ">
    <subfield code="a">BD-RjUL</subfield>
    <subfield code="b">eng</subfield>
    <subfield code="c">BD-RjUL</subfield>
  </datafield>
  <datafield tag="041" ind1=" " ind2=" ">
    <subfield code="a">urd</subfield>
  </datafield>
  <datafield tag="082" ind1=" " ind2=" ">
    <subfield code="2">23</subfield>
    <subfield code="a">370.115 </subfield>
    <subfield code="b">DAJ 195?</subfield>
  </datafield>
  <datafield tag="100" ind1=" " ind2=" ">
    <subfield code="a"> &#x688;&#x6CC;&#x648;&#x6CC;&#x60C;  &#x62C;&#x627;&#x646; ;; Davy, John</subfield>
    <subfield code="9">16023</subfield>
  </datafield>
  <datafield tag="245" ind1=" " ind2=" ">
    <subfield code="a">&#x62C;&#x645;&#x6C1;&#x648;&#x631;&#x6CC;&#x62A; &#x627;&#x648;&#x631; &#x62A;&#x639;&#x644;&#x6CC;&#x645; ;;  jamahuriyat or taalim / </subfield>
    <subfield code="c">John Davy, translated by Syed Muhammad Taqi  ;;   &#x62C;&#x627;&#x646; &#x688;&#x6CC;&#x648;&#x6CC; &#x60C; &#x645;&#x62A;&#x631;&#x62C;&#x645; &#x633;&#x6CC;&#x62F; &#x645;&#x62D;&#x645;&#x62F; &#x62A;&#x642;&#x6CC;</subfield>
  </datafield>
  <datafield tag="260" ind1=" " ind2=" ">
    <subfield code="a">Pakistan :</subfield>
    <subfield code="b">&#x627;&#x6A9;&#x6CC;&#x688;&#x645;&#x6CC;  &#x627;&#x641; &#x60C;</subfield>
    <subfield code="c">195?</subfield>
  </datafield>
  <datafield tag="300" ind1=" " ind2=" ">
    <subfield code="a">397 p. ;</subfield>
    <subfield code="c">17 cm</subfield>
  </datafield>
  <datafield tag="650" ind1=" " ind2=" ">
    <subfield code="a">Education and Society</subfield>
    <subfield code="9">16024</subfield>
  </datafield>
  <datafield tag="942" ind1=" " ind2=" ">
    <subfield code="2">ddc</subfield>
    <subfield code="c">BK</subfield>
  </datafield>
  <datafield tag="999" ind1=" " ind2=" ">
    <subfield code="c">85197</subfield>
    <subfield code="d">85197</subfield>
  </datafield>
  <datafield tag="952" ind1=" " ind2=" ">
    <subfield code="0">0</subfield>
    <subfield code="1">0</subfield>
    <subfield code="2">ddc</subfield>
    <subfield code="4">0</subfield>
    <subfield code="7">1</subfield>
    <subfield code="8">NFIC</subfield>
    <subfield code="a">RUCL</subfield>
    <subfield code="b">RUCL</subfield>
    <subfield code="c">Reading</subfield>
    <subfield code="d">1970-06-22</subfield>
    <subfield code="e">adara i jadid  karachi</subfield>
    <subfield code="g">5.00</subfield>
    <subfield code="o">U 370.115  DAJ V-2 195?</subfield>
    <subfield code="r">2025-07-14 00:00:00</subfield>
    <subfield code="t">C-1</subfield>
    <subfield code="y">BK</subfield>
  </datafield>
</record>
